| 000 | 01409cam a2200277 4500 | ||
|---|---|---|---|
| 001 | ABS63233 | ||
| 008 | 000000n2000 000 0 eng u | ||
| 035 | _a(Sirsi) u109344 | ||
| 100 | _aRouse, J | ||
| 245 | _aHow positive planning reaps rewards | ||
| 260 | _c2000 | ||
| 490 |
_aPlanning (for the Natural and Built Environment) _v(1393) 3 November 2000, 14-15(2) |
||
| 520 | _aDescribes the case study of Bilston, Wolverhampton, the latest DETR project researching the masterplanning process. A key objective of the team led by Andrew Wright Associates, is to investigate how early planning of urban development can establish economic and social value. Discusses how similar schemes have succeeded and failed to meet their planning objectives, with reference to the Ove Arup and Black Country projects. Looks at key factors necessary to create value: optimising density; environmental amenity; and three-dimensional planning. Concludes that the Bilston project has reaffirmed that masterplanning adds value to development, but the measure of value still needs to be tested. | ||
| 590 | _aABS | ||
| 650 | _aBILSTON | ||
| 650 | _aWOLVERHAMPTON | ||
| 650 | _aOVE ARUP | ||
| 650 | _aBLACK COUNTRY | ||
| 650 | _aURBAN DESIGN | ||
| 650 | _aBROWNFIELD SITES | ||
| 650 | _aCASE STUDIES | ||
| 650 | _aPLANNING PRACTICE | ||
| 650 | _aTOWN PLANNING | ||
| 690 | _aREGENERATION | ||
| 942 | _n0 | ||
| 999 |
_c65268 _d65268 |
||